In
Descripción Física:
full : il·lustració en blanc i negre ; 10 x 8 cm
Materias:
Fons Joan Junyer i Pascual (1909-1994)
Idioma:
Catalán , English
MARC
| LEADER | 00000nkm a22000004i 4500 | ||
|---|---|---|---|
| 001 | 29197 | ||
| 003 | AGDB | ||
| 005 | 20260324181542.0 | ||
| 008 | 251224b spa||||| |||| 00| 0 cat d | ||
| 040 | |a agdb |b cat | ||
| 041 | |a eng | ||
| 100 | |a Junyer, Joan, |d 1904-1994 |9 53028 | ||
| 245 | |a In | ||
| 260 | |a [s.l.] : |b [s.n.], |c [s.a.] | ||
| 300 | |a full : |b il·lustració en blanc i negre ; |c 10 x 8 cm | ||
| 380 | |a Targeta postal | ||
| 500 | |a Prové del fons Joan Junyer i Pascual (1909-1994) | ||
| 500 | |a Reproducció d'una pintura de Joan Junyer signada: Junyer 48 | ||
| 500 | |a 4 exemplars idèntics; 3 damunt de cartolina | ||
| 650 | |a Fons Joan Junyer i Pascual (1909-1994) |9 72777 | ||
| 942 | |2 udc |c ARXIU |n 1 | ||
| 952 | |0 0 |1 0 |2 udc |4 0 |6 F504289 |7 1 |9 98878 |a Arxiu |b Arxiu |d 2025-12-24 |l 0 |o F-504-289 |p 29197 |r 2025-12-24 12:55:03 |w 2025-12-24 |y ARXIU |z 4 exemplars idèntics | ||
| 999 | |c 130546 |d 130546 | ||